Những lĩnh vực ứng dụng của Việt ngữ học

Na minha lista:
Detalhes bibliográficos
Autor principal: Nguyễn, Thiện Giáp
Formato: Livro
Idioma:Undetermined
Publicado em: H. Đại học Quốc gia Hà Nội 2008
Assuntos:
Acesso em linha:http://lrc.tdmu.edu.vn/opac/search/detail.asp?aID=2&ID=3949
Tags: Adicionar Tag
Sem tags, seja o primeiro a adicionar uma tag!
Thư viện lưu trữ: Trung tâm Học liệu Trường Đại học Thủ Dầu Một
LEADER 00642nam a2200193Ia 4500
001 TDMU_3949
008 210410s9999 xx 000 0 und d
082 |a 495.9228 
090 |b N4994 
100 |a Nguyễn, Thiện Giáp 
245 0 |a Những lĩnh vực ứng dụng của Việt ngữ học 
245 0 |c Nguyễn Thiện Giáp 
260 |a H. 
260 |b Đại học Quốc gia Hà Nội 
260 |c 2008 
300 |a 300tr. 
650 |a Tiếng Việt 
856 |u http://lrc.tdmu.edu.vn/opac/search/detail.asp?aID=2&ID=3949 
980 |a Trung tâm Học liệu Trường Đại học Thủ Dầu Một